000 00721nam a22001817a 4500
003 UA-OsUOA
001 18417
007 ta
008 20040510b un ||||| |||| 00| 0 ukr d
100 _aУсик С.Б.
942 _cSA
040 _aUA-OsUOA
_cUA-OsUOA
_dUA-OsUOA
245 _aДиректор, педколектив творять обличчя школи: [Про роботу педколективів шкіл Сарнен. р-ну розповідає перший заст. голови райдержадмін. С. Усик]
300 _aС.3
955 _a0
773 0 _w0
_tСарненські новини
_dСарни
_d2004
_g№42/43/15 квіт./
650 7 _aКраєзнавча робота
_2UDC
999 _c304588
_d304588